接壤县级行政区最少的县级行政区 - Statistics

General Stats
  • This quiz has been taken 23 times
    18 since last reset
  • The average score is 27 of 30
Answer Stats
接壤个数 省级行政区 地级行政区 县级行政区 % Correct
0 海南省 三沙市 西沙区
100%
0 海南省 三沙市 南沙区
100%
1 辽宁省 大连市 旅顺口区
100%
1 浙江省 舟山市 定海区
100%
1 浙江省 舟山市 普陀区
100%
1 福建省 厦门市 思明区
100%
1 福建省 厦门市 湖里区
100%
0 辽宁省 大连市 长海县
94%
0 浙江省 舟山市 岱山县
94%
0 浙江省 舟山市 嵊泗县
94%
1 河北省 石家庄市 井陉矿区
94%
1 山西省 晋城市 城区
94%
1 福建省 泉州市 石狮市
94%
1 广东省 湛江市 徐闻县
94%
1 广东省 汕尾市 城区
94%
0 福建省 福州市 平潭县
88%
0 福建省 泉州市 金门县
88%
0 广东省 汕头市 南澳县
88%
1 内蒙古自治区 包头市 白云鄂博矿区
88%
1 辽宁省 大连市 中山区
88%
1 辽宁省 营口市 鲅鱼圈区
88%
1 浙江省 宁波市 象山县
88%
1 浙江省 台州市 玉环市
88%
1 广西壮族自治区 防城港市 东兴市
88%
1 河南省 许昌市 魏都区
81%
1 海南省 (直辖) 临高县
81%
1 新疆维吾尔自治区 (直辖) 新星市
81%
1 辽宁省 铁岭市 银州区
75%
1 黑龙江省 牡丹江市 绥芬河市
75%
1 福建省 漳州市 东山县
69%
No matching quizzes found
Score Distribution
Percent of People with Each Score
Percentile by Number Answered
Your Score History
You have not taken this quiz since the last reset